000 00552nam a2200181Ia 4500
001 24684
005 20260414151100.0
008 260414t2014||||xx |||||||||||||| ||spa||
041 _aESP
082 _a345.721
_bS71
100 _aSoto Coaguila, Carlos A.
_eAUT
245 0 _aAnuario latinoamericano de arbitraje :
_bconflictos de interés de los árbitros. Deber de revelación y deber de declaración de los árbitros
260 _c2014
300 _axiii, 375 páginas :
_c24 cm.
650 _aDER
654 _aCDE
942 _cLIB
_dJUS
_fJUS
_2ddc
_n
999 _c24684
_d24684